| 000 | 01223nam a22003617a 4500 | ||
|---|---|---|---|
| 003 | CHAP | ||
| 005 | 20220329141203.0 | ||
| 008 | 971010s1979 r 00010 d | ||
| 010 | _a64028 | ||
| 011 | _a65000 | ||
| 035 | _a71159 | ||
| 040 | _cCHAP | ||
| 090 | _aTesis | ||
| 100 | 0 | 0 |
_aPérez Guerrero Zamora, Jorge. _989714 |
| 245 | _aLeucaena leguminosa tropical mexicana; usos y potencial | ||
| 260 |
_aChapingo, Méx. : _bEl autor, _c1979 |
||
| 300 | _a80 h. | ||
| 502 | _aTesis (Ing. Agrónomo Esp. en Zootecnia) -- ENA. Departamento de Zootecnia | ||
| 590 |
_aALEPH _b10 _c20130110 _lUCH01 _h1348 |
||
| 590 |
_aBATCH-UPD _b10 _c20130110 _lUCH01 _h1836 |
||
| 590 |
_aBATCH-UPD _b10 _c20130410 _lUCH01 _h1207 |
||
| 590 |
_aBATCH-UPD _b10 _c20130914 _lUCH01 _h1720 |
||
| 590 |
_aCONVERSION _b10 _c20130109 _lUCH01 _h1335 |
||
| 650 | 1 | 4 |
_aLeguminosas _xMéxico. _965840 |
| 650 | 1 | 4 |
_aRhizobium. _997124 |
| 901 | _aBK | ||
| 942 | _cFOLL | ||
| 949 |
_aP99 _bZ _cTESBD _d-3759 _eTS1 _h559 _i71159 _str |
||
| 949 |
_aP99 _bZ _cTESBD _d-83936 _eTS2 _fc.2 _h560 _i71159 _si |
||
| 949 |
_bBC _cTES _d-149428 _eTS1 _i71159 _si |
||
| 949 |
_bBC _cTES _d33724000682993 _eTS2 _fc.2 _h31982 _i71159 _si |
||
| 949 |
_bZA _cTESBD _d-8883 _eTS1 _h132 _i71159 _si |
||
| 999 |
_c64028 _d64028 |
||